| 000 | 00512nam a2200205Ia 4500 | ||
|---|---|---|---|
| 003 | OSt | ||
| 005 | 20231006155317.0 | ||
| 008 | 210210b1906 xxu||||| |||| 00| 0 eng d | ||
| 040 | _cAL | ||
| 041 | _aeng | ||
| 082 | _a823/236 | ||
| 100 |
_aSHAKESPEARE (William) _969157 |
||
| 245 | _aMidsummer Nights Dream | ||
| 260 |
_aLondon _bMacmillan & Co. Ltd. _c1906 |
||
| 650 |
_aShakespeare _969158 |
||
| 690 |
_aEnglish Drama _969159 |
||
| 700 |
_aCRESWELL (P T) Ed _969417 |
||
| 906 | _a013781 | ||
| 942 |
_2ddc _cBK |
||
| 999 |
_c132837 _d132837 |
||